Reforma monetaria internacional / selección y presentación de H.G. Grubel ; prólogo de Manuel Varela Parache
Descripción Física:
494 p. ; 22 cm
Colección:
Biblioteca universitaria Labor ; 16
Otros Autores:
Varela Parache, Manuel, pr
Materias:
Política monetària
MARC
| LEADER | 00000nam a2200000Ia 4500 | ||
|---|---|---|---|
| 001 | 1772 | ||
| 008 | 160829s1970 xx 000 0 cat d | ||
| 080 | |a M-2-196 | ||
| 100 | |a Grubel, Herbert G. |9 34662 | ||
| 245 | |a Reforma monetaria internacional / selección y presentación de H.G. Grubel ; prólogo de Manuel Varela Parache | ||
| 260 | |a Barcelona : |b Labor, |c 1970 | ||
| 300 | |a 494 p. ; |c 22 cm | ||
| 490 | |a Biblioteca universitaria Labor ; 16 | ||
| 650 | |a Política monetària |9 34663 | ||
| 700 | |a Varela Parache, Manuel, pr. |9 34664 | ||
| 901 | |a Arxiu | ||
| 942 | |n 1 | ||
| 952 | |0 0 |1 0 |4 0 |6 M2196 |7 1 |9 46603 |a Arxiu |b Arxiu |d 2016-12-01 |l 0 |o M-2-196 |p 1772 |r 2016-12-01 00:00:00 |w 2016-12-01 |y ARXIU | ||
| 999 | |c 50396 |d 50396 | ||